Tattenhoe Park (Record no. 76413)
[ view plain ]
| 000 -LEADER | |
|---|---|
| fixed length control field | 01494cab a2200193 4500 |
| 001 - CONTROL NUMBER | |
| control field | ##L132370 |
| 008 - FIXED-LENGTH DATA ELEMENTS--GENERAL INFORMATION | |
| fixed length control field | 060131n2006 000 0 eng u |
| 035 ## - SYSTEM CONTROL NUMBER | |
| System control number | (Sirsi) u132370 |
| 041 0# - LANGUAGE CODE | |
| Language code of text/sound track or separate title | eng |
| 110 1# - MAIN ENTRY--CORPORATE NAME | |
| Corporate name or jurisdiction name as entry element | Milton Keynes Partnership |
| 245 00 - TITLE STATEMENT | |
| Title | Tattenhoe Park |
| Remainder of title | super-flexible housing:discussion paper |
| 260 ## - PUBLICATION, DISTRIBUTION, ETC. | |
| Place of publication, distribution, etc. | Milton Keynes |
| Name of publisher, distributor, etc. | MKP |
| Date of publication, distribution, etc. | 2006 |
| 520 ## - SUMMARY, ETC. | |
| Summary, etc. | Super-flexible housing is an innovative feature in Milton Keynes's draft Tattenhoe Park masterplan, where up to 30% of all the proposed dwellings will be designed as super-flexible homes. Super-flexible homes will accommodate changing family circumstances or lifestyle changes over time and will obviate the need to move. Space in houses designed to super-flexible principles can be arranged and then potentially re-arranged to meet future requirements with less need for expensive refitting. The discussion paper describes what super-flexible housing is and considers best practice and policy The draft Tattenhoe Park masterplan, which is out for consultation, proposes a new neighbourhood of over 1 200 new homes with shops, community facilities, public open space and a new primary school. Responses to the consultation must be made by 2 February 2006. |
| 590 ## - LOCAL NOTE (RLIN) | |
| Local note | IKA310106 |
| 690 ## - LOCAL SUBJECT ADDED ENTRY--TOPICAL TERM (OCLC, RLIN) | |
| Topical term or geographic name as entry element | PROPERTY-RESIDENTIAL PROPERTY-RESIDENTIAL PROPERTY DEVELOPMENT |
| 710 2# - ADDED ENTRY--CORPORATE NAME | |
| Corporate name or jurisdiction name as entry element | English Partnerships |
| 9 (RLIN) | 1764 |
| 856 40 - ELECTRONIC LOCATION AND ACCESS | |
| Uniform Resource Identifier | <a href="https://www.mkweb.co.uk/tattenhoepark/">https://www.mkweb.co.uk/tattenhoepark/</a> |
| Public note | View the discussion paper and masterplan at www.mkweb.co.uk... |
| 942 ## - ADDED ENTRY ELEMENTS (KOHA) | |
| Suppress in OPAC | 0 |
| Withdrawn status | Lost status | Source of classification or shelving scheme | Damaged status | Not for loan | Home library | Current library | Shelving location | Date acquired | Total Checkouts | Full call number | Barcode | Date last seen | Copy number | Price effective from | Koha item type |
|---|---|---|---|---|---|---|---|---|---|---|---|---|---|---|---|
| Dewey Decimal Classification | Virtual | Virtual | Online | 31/01/2006 | ONLINE PUBLICATION | 132370-2001 | 06/08/2019 | 1 | 06/08/2019 | Journal article |